Central Library OPAC University of Rajshahi

Man's first million years / (Record no. 12013)

MARC details
000 -LEADER
fixed length control field 00880cam a22002771 4500
001 - CONTROL NUMBER
control field 12013
003 - CONTROL NUMBER IDENTIFIER
rucl marc code BD-RjUL
005 - DATE AND TIME OF LATEST TRANSACTION
control field 20211208235224.0
008 - FIXED-LENGTH DATA ELEMENTS--GENERAL INFORMATION
fixed length control field 140127s1941 xx 000 0 eng
035 ## - SYSTEM CONTROL NUMBER
System control number (BD-RjUL)12062
System control number (OCoLC)168432
040 ## - CATALOGING SOURCE
Original cataloging agency DLC
Transcribing agency OTifH
Modifying agency OCoLC
-- BD-RjUL
Language of cataloging eng
041 ## - LANGUAGE CODE
Language code of text/sound track or separate title eng
082 ## - DEWEY DECIMAL CLASSIFICATION NUMBER
Classification number 572
Author mark and year LUM 1941
100 1# - MAIN ENTRY--PERSONAL NAME
Personal name Lucas, Jannette M
Fuller form of name Jannette May Lucas
9 (RLIN) 37227
245 10 - TITLE STATEMENT
Title Man's first million years /
Statement of responsibility, etc. by Jannette M. Lucas. Illustrated by James MacDonald.
260 ## - PUBLICATION, DISTRIBUTION, ETC. (IMPRINT)
Place of publication, distribution, etc. New York,
Name of publisher, distributor, etc. Harcourt, Brace
Date of publication, distribution, etc. c1941
300 ## - PHYSICAL DESCRIPTION
Pagination 277 p. :
Illustrations illus. ;
Size 22 cm.
500 ## - GENERAL NOTE
General note Col. illus. on lining papers.
504 ## - BIBLIOGRAPHY, ETC. NOTE
Bibliography, etc Bibliography: p. 269-271.
650 #0 - SUBJECT ADDED ENTRY--TOPICAL TERM
Topical term or geographic name as entry element Prehistoric peoples
Form subdivision Juvenile literature.
9 (RLIN) 37228
Topical term or geographic name as entry element Archaeology
Form subdivision Juvenile literature.
9 (RLIN) 37229
942 ## - ADDED ENTRY ELEMENTS (KOHA)
Source of classification or shelving scheme Dewey Decimal Classification
Koha item type Books
Holdings
Lost status Source of classification or shelving scheme Damaged status Not for loan Collection code Permanent Location Current Location Shelving location Date acquired Source of acquisition Cost, normal purchase price Total Checkouts Full call number Date last seen Copy number Koha item type
  Dewey Decimal Classification   Not For Loan Non-fiction Central Library, University of Rajshahi Central Library, University of Rajshahi Reading Room 04/03/1963 Zeitlinger 0.00   572 LUM 1941 27/01/2014 C-1 Books